000 00680nam a2200229 i 4500
001 bg
100 1 _aStankiewicz, Włodzimierz.
245 1 0 _aZadania z matematyki dla wyższych uczelni technicznych.
_nCz. 1 B /
_cW. Stankiewicz.
250 _aWyd. 8.
260 _aWarszawa :
_bWydawnictwo Naukowe PWN,
_c1995.
300 _aS. [4], 275-738 :
_brys., wykr. ;
_c24 cm.
650 4 _aMatematyka
655 _aĆwiczenia i zadania dla szkół wyższych
020 _a8301006609 (cz. 1 AB)
040 _cBPK
041 0 _apol
080 _a51
080 _a(075.8+076)
920 _a83-01-00660-9 (cz. 1 A-B)
942 _cKS
008 s pl f |000 0 pol
999 _c35263
_d35263
856 _uhttp://koha.tu.koszalin.pl/cgi-bin/koha/opac-detail.pl?biblionumber=35263
_yKatalog online BPK